000 00484nam a2200181 i 4500
001 95619
003 ES-MaACL
005 20230906181737.0
007 t|
008 050601s1918 sp ||||1| spa d
100 1 _aLlorens, Frances Xavier.
_972872
245 1 3 _aLa metafĂ­sica /
_cde Francesc Xavier Llorens.
260 _aBarcelona :
_b[s.n.],
_c1917.
490 1 _aMinerva ;
_v13
830 0 _aMinerva ;
_v13
_9232206
852 _aES-MaACL
_j1533-F-4
999 _c95619
_d95619